Maurice pour les touristes... - Facile - Statistiques

Statistiques générales
  • Ce quiz a été pris 25 fois
  • Le résultat moyen est 12 sur 20
Statistiques - réponses
Question Indice Réponses Indice facile % Correct
Quelles sont les langues officielles ? Anglais
100%
Quelles sont les langues officielles ? Français F
100%
Ce pays est plus grand que la France (oui/non) Non
91%
Quel pays a accordé son indépendance à celui-ci ? Royaume-Uni
91%
Quels est le climat local ? T Tropical
86%
Dans la capitale quel est le décalage horaire avec Paris ? (+ ou - et chiffre) ex - 10 + 2
82%
Quel est le régime du pays ? République R
77%
Quelles sont les principaux lieux touristiques ? C Parc de {Casela} LACASE
64%
Achats à faire 2/ Douceur sucrée Pâtes de {fruits} SURFIT
59%
Achats à faire 5/ Bracelet Hope PEHO
55%
Quelles sont les principaux lieux touristiques ? C Région de {Chamarel} MARECHAL
55%
La religion majoritaire est Christianisme C
50%
Achats à faire 1/ Pour la cuisine Epices PIECES
50%
Quelle est la monnaie ? Roupie mauricienne R
45%
Quelles sont les principaux lieux touristiques ? F Vallée de {Ferney} FENERY
45%
Le suffixe internet est mu
41%
Achats à faire 4/ Les aventures de Tikoulou OLOUUTIK
36%
Achats à faire 3/ CD de Seggae GAGEES
32%
Le principal aéroport est P Plaine Magnien
27%
Code sur les plaques minéralogiques MS
18%
Aucun quiz correspondant
Distribution des résultats
% des personnes avec chaque résultat
Percentile par nombre de réponses
Votre historique - résultats
Vous n’avez pas pris ce quiz